Management of organic materials from field plantation crops (Record no. 62433)

MARC details
000 -LEADER
fixed length control field 00437nam a2200157Ia 4500
100 ## - MAIN ENTRY--AUTHOR NAME
Personal name Bhardwaj K K R
245 #0 - TITLE STATEMENT
Title Management of organic materials from field plantation crops
260 ## - PUBLICATION, DISTRIBUTION, ETC. (IMPRINT)
Name of publisher Bulletin Indian Society of Soil Science
Year of publication 1998
300 ## - PHYSICAL DESCRIPTION
Number of Pages 122-134
500 ## - GENERAL NOTE
General note Source Year: 1998
700 ## - ADDED ENTRY--PERSONAL NAME
Personal name Kalyanasundaram N K
700 ## - ADDED ENTRY--PERSONAL NAME
Personal name Khan H H
856 ## - ELECTRONIC LOCATION AND ACCESS
Uniform Resource Identifier IRRDB
942 ## - ADDED ENTRY ELEMENTS (KOHA)
Koha item type Journals
Holdings
Withdrawn status Lost status Damaged status Not for loan Home library Current library Shelving location Date acquired Serial Enumeration / chronology Koha item type
      Journals RRII Library RRII Library Soils and agonomy 17/12/2021 Volume No, Issue 19 Journals